| 000 | 00678nam a22002537a 4500 | ||
|---|---|---|---|
| 003 | UA-OsUOA | ||
| 001 | 93133 | ||
| 007 | ta | ||
| 008 | 20130115b un ||||| |||| 00| 0 ukr d | ||
| 100 | _aОстроумов Н. П. | ||
| 090 |
_a297 _bО-79 |
||
| 942 | _cBK | ||
| 040 |
_aUA-OsUOA _brus _cUA-OsUOA _dUA-OsUOA |
||
| 245 | _aИсламоведение: Аравия, колыбель ислама | ||
| 300 | _a280 с. | ||
| 955 | _a2 | ||
| 041 | _arus | ||
| 080 | _a297 | ||
| 020 | _a978-5-397-02392-4 | ||
| 260 |
_aМ. _bКД "Либроком" _c2012 |
||
| 250 | _nизд. 4-е | ||
| 650 | 7 |
_a29 Нехристиянські релігії _2UDC |
|
| 999 |
_c379354 _d379354 |
||